[Event "Women's Speed Chess GP2"]
[Site "chess.com INT"]
[Date "2020.07.01"]
[Round "1.6"]
[White "Ning, Kaiyu"]
[Black "Lagno, Kateryna"]
[Result "1-0"]
[WhiteTitle "WIM"]
[BlackTitle "GM"]
[WhiteElo "2327"]
[BlackElo "2546"]
[WhiteFideId "8614750"]
[BlackFideId "14109336"]
[EventDate "2020.07.01"]
[EventType "k.o. blitz"]

1. d4 Nf6 2. c4 g6 3. g3 c6 4. Bg2 d5 5. Qa4 Bg7 6. cxd5 Nxd5 7. Nf3 Bg4 8. e3
O-O 9. O-O Na6 10. h3 Bxf3 11. Bxf3 e5 12. dxe5 Bxe5 13. Nd2 Qe7 14. a3 Rad8 15.
Qc2 Bxg3 16. fxg3 Nxe3 17. Qe4 Qxe4 18. Nxe4 Nxf1 19. Kxf1 f5 20. Nc3 Nc5 21.
Bg5 Rd7 22. Re1 Kf7 23. Be2 b5 24. Be3 Ne6 25. Bd1 Re8 26. Bb3 Kf6 27. Kf2 a5
28. h4 Ree7 29. a4 bxa4 30. Nxa4 Rb7 31. Bxe6 Rxe6 32. Bd4+ Kf7 33. Rxe6 Kxe6
34. Nc5+ Kd5 35. Nxb7 Kxd4 36. Nxa5 c5 37. Ke2 c4 38. Kd2 h6 39. Nc6+ Ke4 40.
Kc3 g5 41. hxg5 hxg5 42. Kxc4 f4 43. gxf4 gxf4 44. Nd4 Ke5 45. Kc5 Ke4 46. b4 1-0

[Event "Women's Speed Chess GP2"]
[Site "chess.com INT"]
[Date "2020.07.01"]
[Round "1.7"]
[White "Lagno, Kateryna"]
[Black "Ning, Kaiyu"]
[Result "1-0"]
[WhiteTitle "GM"]
[BlackTitle "WIM"]
[WhiteElo "2546"]
[BlackElo "2327"]
[WhiteFideId "14109336"]
[BlackFideId "8614750"]
[EventDate "2020.07.01"]
[EventType "k.o. blitz"]

1. e4 e6 2. d4 d5 3. Nc3 Bb4 4. exd5 exd5 5. Bd3 Nc6 6. Ne2 Nge7 7. O-O O-O 8.
a3 Bxc3 9. bxc3 Bf5 10. Ng3 Qd7 11. Nxf5 Nxf5 12. Qg4 g6 13. Bf4 Nce7 14. Rfe1
Qc6 15. Bd2 Kg7 16. h4 h5 17. Qg5 f6 18. Rxe7+ Nxe7 19. Qh6+ Kf7 20. Qh7+ Ke8
21. Re1 Qd6 22. c4 a5 23. c5 Qd7 24. Qg7 Qd8 25. Bxg6+ Kd7 26. Bf5+ Kc6 27. Rxe7
Kb5 28. Rxc7 Kc4 29. Bd3+ Kxd4 30. Qg3 Re8 31. c3# 1-0

[Event "Women's Speed Chess GP2"]
[Site "chess.com INT"]
[Date "2020.07.01"]
[Round "1.8"]
[White "Ning, Kaiyu"]
[Black "Lagno, Kateryna"]
[Result "0-1"]
[WhiteTitle "WIM"]
[BlackTitle "GM"]
[WhiteElo "2327"]
[BlackElo "2546"]
[WhiteFideId "8614750"]
[BlackFideId "14109336"]
[EventDate "2020.07.01"]
[EventType "k.o. blitz"]

1. d4 Nf6 2. c4 g6 3. g3 c6 4. Bg2 d5 5. Qa4 Bg7 6. cxd5 Nxd5 7. Nf3 Bg4 8. e3
O-O 9. O-O Na6 10. h3 Bxf3 11. Bxf3 e5 12. dxe5 Bxe5 13. Nd2 Qe7 14. a3 Rad8 15.
Qc2 Qc5 16. Qb3 Qb6 17. Qc4 Bxg3 18. fxg3 Nxe3 19. Qe2 Nc2+ 20. Kg2 Nxa1 21. Ne4
f5 22. Qc4+ Kg7 23. Ng5 Nc7 24. b4 Qd4 25. Qxd4+ Rxd4 26. Bb2 Nc2 27. Rc1 Kh6
28. Rxc2 Rd7 29. h4 Rfd8 30. Bc1 Kg7 31. Bf4 h6 32. Bxc7 Rd2+ 33. Rxd2 Rxd2+ 34.
Kf1 hxg5 35. hxg5 Rd3 36. Ke2 Rxa3 37. g4 fxg4 38. Bxg4 Rb3 39. Bd6 b6 40. Bd7
a5 41. bxa5 bxa5 42. Bxc6 Rb6 43. Be5+ Kh7 44. Bd7 Ra6 45. Kf3 a4 46. Ke4 a3 47.
Ba1 a2 48. Ke5 Rb6 49. Be6 Rb1 50. Bxa2 Rxa1 51. Be6 Kg7 52. Bg4 Ra5+ 53. Kf4
Kf7 54. Bf3 Ke7 55. Be4 Ra4 56. Ke5 Ra5+ 57. Kf4 Kf7 58. Bd3 Ra4+ 59. Be4 Ra1
60. Ke5 Rf1 61. Bd3 Rf2 62. Be4 Kg7 63. Ke6 Rf8 64. Bd3 Re8+ 65. Kd5 Re3 66. Be4
Rg3 67. Kd4 Rxg5 0-1

[Event "Women's Speed Chess GP2"]
[Site "chess.com INT"]
[Date "2020.07.01"]
[Round "1.9"]
[White "Lagno, Kateryna"]
[Black "Ning, Kaiyu"]
[Result "1-0"]
[WhiteTitle "GM"]
[BlackTitle "WIM"]
[WhiteElo "2546"]
[BlackElo "2327"]
[WhiteFideId "14109336"]
[BlackFideId "8614750"]
[EventDate "2020.07.01"]
[EventType "k.o. blitz"]

1. e4 e6 2. d4 d5 3. Nc3 Nf6 4. Bg5 dxe4 5. Nxe4 Be7 6. Nxf6+ Bxf6 7. Bxf6 Qxf6
8. Nf3 O-O 9. Qd3 b6 10. Qe4 c6 11. Bd3 g6 12. h4 Bb7 13. h5 Nd7 14. hxg6 hxg6
15. O-O-O Rab8 16. Ne5 Rfd8 17. Qe3 c5 18. Nxd7 Rxd7 19. dxc5 bxc5 20. Qg3 e5
21. Rh4 Rd4 22. Rdh1 Rxh4 23. Rxh4 Bxg2 24. Rg4 Bf3 25. Rg5 Rd8 26. Qxe5 Kg7 27.
Qxf6+ Kxf6 28. Rxc5 Rh8 29. Kd2 g5 30. Rf5+ 1-0

[Event "Women's Speed Chess GP2"]
[Site "chess.com INT"]
[Date "2020.07.01"]
[Round "1.10"]
[White "Ning, Kaiyu"]
[Black "Lagno, Kateryna"]
[Result "1-0"]
[WhiteTitle "WIM"]
[BlackTitle "GM"]
[WhiteElo "2327"]
[BlackElo "2546"]
[WhiteFideId "8614750"]
[BlackFideId "14109336"]
[EventDate "2020.07.01"]
[EventType "k.o. blitz"]

1. d4 Nf6 2. c4 g6 3. g3 c6 4. Bg2 d5 5. Qa4 Bg7 6. cxd5 Nxd5 7. Nf3 Bg4 8. e3
O-O 9. Nc3 Nb6 10. Qc2 Na6 11. O-O Qd7 12. Rd1 Qf5 13. e4 Qf6 14. Qe2 Rad8 15.
Be3 h6 16. h3 Bxf3 17. Bxf3 Qe6 18. b3 h5 19. Bg2 Qc8 20. Rac1 e5 21. dxe5 Bxe5
22. Kh2 Rxd1 23. Nxd1 Rd8 24. f4 Bd4 25. e5 Qd7 26. Qf3 Bxe3 27. Nxe3 Qe7 28. h4
Nc7 29. a4 Nbd5 30. Nc4 Ne8 31. Rd1 Nb4 32. Rxd8 Qxd8 33. e6 fxe6 34. Qe4 Qf6
35. Ne5 Nd6 36. Qxb4 Nf5 37. Qxb7 Nxh4 38. Qc8+ Kh7 39. Qd7+ Kg8 40. Qe8+ Kg7
41. Nd7 Qd4 42. Qf8+ Kh7 43. Nf6+ 1-0

[Event "Women's Speed Chess GP2"]
[Site "chess.com INT"]
[Date "2020.07.01"]
[Round "1.11"]
[White "Lagno, Kateryna"]
[Black "Ning, Kaiyu"]
[Result "0-1"]
[WhiteTitle "GM"]
[BlackTitle "WIM"]
[WhiteElo "2546"]
[BlackElo "2327"]
[WhiteFideId "14109336"]
[BlackFideId "8614750"]
[EventDate "2020.07.01"]
[EventType "k.o. blitz"]

1. e4 e6 2. d4 d5 3. Nc3 Bb4 4. exd5 exd5 5. Bd3 Nf6 6. Ne2 O-O 7. O-O c6 8. Ng3
Bg4 9. Nce2 Bd6 10. h3 Bxg3 11. fxg3 Bh5 12. Nf4 Bxd1 13. Rxd1 Ne4 14. g4 Nd7
15. c3 Ndf6 16. Rf1 Re8 17. Ne2 h6 18. Bf4 Qe7 19. Be5 Rad8 20. Rae1 Nd7 21. Bf4
g5 22. Bc1 Qd6 23. Rf3 Re6 24. Ref1 Ndf6 25. b3 Rde8 26. Bb2 Nd2 27. R3f2 Nxf1
28. Kxf1 Qh2 29. Rf3 Qh1+ 30. Kf2 Rxe2+ 31. Bxe2 Ne4+ 32. Ke3 Nxc3+ 33. Kd3 Nxe2
34. Re3 Qb1+ 35. Kxe2 Qxb2+ 36. Kf3 Rxe3+ 37. Kxe3 Qxa2 38. Kd3 Qxb3+ 39. Kd2
Qb2+ 40. Kd3 Qxg2 0-1

[Event "Women's Speed Chess GP2"]
[Site "chess.com INT"]
[Date "2020.07.01"]
[Round "1.12"]
[White "Ning, Kaiyu"]
[Black "Lagno, Kateryna"]
[Result "1-0"]
[WhiteTitle "WIM"]
[BlackTitle "GM"]
[WhiteElo "2327"]
[BlackElo "2546"]
[WhiteFideId "8614750"]
[BlackFideId "14109336"]
[EventDate "2020.07.01"]
[EventType "k.o. blitz"]

1. d4 Nf6 2. c4 g6 3. g3 c6 4. Bg2 d5 5. Qa4 Bg7 6. cxd5 Nxd5 7. Nf3 Bg4 8. e3
O-O 9. Nc3 Nb6 10. Qc2 Na6 11. O-O Qd7 12. Ne5 Bxe5 13. dxe5 Nb4 14. Qe4 N4d5
15. f3 Bf5 16. Qh4 Nxc3 17. bxc3 Be6 18. e4 Rfd8 19. Bg5 Nc8 20. Qh6 Qe8 21.
Rad1 Nb6 22. Rd4 c5 23. Rdd1 Rxd1 24. Rxd1 Rd8 25. Rb1 Bxa2 26. Ra1 Be6 27. Qh4
Nc8 28. f4 c4 29. Rf1 Qd7 30. f5 gxf5 31. exf5 Bxf5 32. Qh6 Bd3 33. Bf6 exf6 34.
exf6 Qg4 35. Rf4 Qg6 36. Qh4 h5 37. Bf3 Bf5 38. Bxh5 Qh6 39. Rxf5 Qe3+ 40. Kg2
Rd2+ 41. Kh3 Kf8 42. Qxc4 Nd6 43. Qc7 Nxf5 44. Qxf7# 1-0

[Event "Women's Speed Chess GP2"]
[Site "chess.com INT"]
[Date "2020.07.01"]
[Round "1.13"]
[White "Lagno, Kateryna"]
[Black "Ning, Kaiyu"]
[Result "1-0"]
[WhiteTitle "GM"]
[BlackTitle "WIM"]
[WhiteElo "2546"]
[BlackElo "2327"]
[WhiteFideId "14109336"]
[BlackFideId "8614750"]
[EventDate "2020.07.01"]
[EventType "k.o. blitz"]

1. e4 e6 2. d4 d5 3. Nc3 Bb4 4. exd5 exd5 5. Bd3 Nf6 6. Ne2 O-O 7. O-O c6 8. Ng3
Bd6 9. Nce2 Nbd7 10. c3 Re8 11. Qc2 h6 12. Bf4 Qc7 13. Bxd6 Qxd6 14. Rfe1 g6 15.
Qd2 h5 16. Qg5 Ne4 17. Nxe4 dxe4 18. Ng3 Nf6 19. Nxe4 Nxe4 20. Rxe4 Bd7 21. Rae1
Kg7 22. Rxe8 Rxe8 23. Rxe8 Bxe8 24. h4 f6 25. Qe3 Bf7 26. a3 Qd5 27. g3 Qa2 28.
Qc1 a5 29. Be4 f5 30. Bf3 Qc4 31. Qe3 Qb3 32. Qd2 a4 33. Bd1 Qd5 34. Bxa4 Qe4
35. Bc2 Qf3 36. Qe3 Qd5 37. Qe5+ Qxe5 38. dxe5 1-0

[Event "Women's Speed Chess GP2"]
[Site "chess.com INT"]
[Date "2020.07.02"]
[Round "2.1"]
[White "Vaishali, R"]
[Black "Gunina, Valentina"]
[Result "0-1"]
[WhiteTitle "WGM"]
[BlackTitle "GM"]
[WhiteElo "2393"]
[BlackElo "2431"]
[WhiteFideId "5091756"]
[BlackFideId "4167570"]
[EventDate "2020.07.01"]
[EventType "k.o. blitz"]

1. Nf3 d5 2. g3 c6 3. Bg2 Bg4 4. O-O Nd7 5. d3 e6 6. h3 Bh5 7. c4 Bd6 8. cxd5
exd5 9. e4 Ne7 10. Re1 O-O 11. g4 Bg6 12. e5 Bb4 13. Bd2 Qb6 14. Bc3 Bxc3 15.
bxc3 Qb2 16. Qb3 Qxb3 17. axb3 Bxd3 18. Nbd2 Nc5 19. b4 Ne6 20. Nd4 Ng6 21. N2b3
Ngf4 22. Nc5 Nxd4 23. cxd4 b6 24. Na6 Ne2+ 25. Kh2 Bxa6 26. Rxa6 Nxd4 27. Rc1
Rae8 28. Rxa7 Rxe5 29. Rb7 b5 30. Rc7 Re6 31. f4 g6 32. Rf1 Ra8 33. f5 gxf5 34.
gxf5 Rf6 35. Rf4 Nxf5 36. h4 Ra2 37. h5 Kg7 38. Kg1 Ne3 39. h6+ Kg6 40. Rxf6+
Kxf6 41. Rxc6+ Ke5 42. Bh3 d4 43. Rc7 d3 44. Rd7 d2 0-1

[Event "Women's Speed Chess GP2"]
[Site "chess.com INT"]
[Date "2020.07.02"]
[Round "2.2"]
[White "Gunina, Valentina"]
[Black "Vaishali, R"]
[Result "1-0"]
[WhiteTitle "GM"]
[BlackTitle "WGM"]
[WhiteElo "2431"]
[BlackElo "2393"]
[WhiteFideId "4167570"]
[BlackFideId "5091756"]
[EventDate "2020.07.01"]
[EventType "k.o. blitz"]

1. d4 Nf6 2. c4 e6 3. Nf3 d5 4. Nc3 a6 5. cxd5 exd5 6. Bg5 Be6 7. e3 Nbd7 8. Bd3
h6 9. Bf4 c6 10. O-O Be7 11. Nd2 O-O 12. h3 Rc8 13. Nb3 Re8 14. Rc1 Bf8 15. Bb1
b5 16. Ne2 a5 17. Qc2 c5 18. dxc5 Nxc5 19. Nxc5 Rxc5 20. Qd3 Rxc1 21. Rxc1 b4
22. Nd4 g6 23. Qb5 Bd7 24. Qa6 Ne4 25. Qa7 Be6 26. Rc7 Qh4 27. Bxe4 dxe4 28.
Nxe6 Rxe6 29. Rxf7 g5 30. Qd7 Re7 31. Rxe7 1-0

[Event "Women's Speed Chess GP2"]
[Site "chess.com INT"]
[Date "2020.07.02"]
[Round "2.3"]
[White "Vaishali, R"]
[Black "Gunina, Valentina"]
[Result "0-1"]
[WhiteTitle "WGM"]
[BlackTitle "GM"]
[WhiteElo "2393"]
[BlackElo "2431"]
[WhiteFideId "5091756"]
[BlackFideId "4167570"]
[EventDate "2020.07.01"]
[EventType "k.o. blitz"]

1. e4 c6 2. d4 d5 3. e5 Bf5 4. h4 a6 5. g4 Bd7 6. c3 c5 7. Na3 Nc6 8. Bg2 cxd4
9. cxd4 Nh6 10. f3 f6 11. Bxh6 gxh6 12. Ne2 fxe5 13. dxe5 Qa5+ 14. Qd2 Qxd2+ 15.
Kxd2 Bg7 16. f4 Bxg4 17. Nc2 h5 18. Bh3 Bh6 19. Ne3 d4 20. Nxg4 hxg4 21. Bxg4
Nxe5 22. Bh5+ Kd7 23. Nxd4 Bxf4+ 24. Ke2 Rag8 25. Rhg1 Bh2 26. Rgd1 Kc8 27. Nf5
Rg2+ 28. Ke3 e6 29. Nd6+ Kb8 30. Nf7 Rf8 31. Rd8+ Rxd8 32. Nxd8 Nc4+ 33. Kd4
Nxb2 34. Nxe6 Rd2+ 35. Ke4 Nc4 36. Rf1 Ka7 37. Rf8 Rxa2 38. Rh8 Nd6+ 39. Kd5
Rd2+ 40. Kc5 a5 41. Rxh7 Bg1+ 42. Nd4 Rxd4 0-1

[Event "Women's Speed Chess GP2"]
[Site "chess.com INT"]
[Date "2020.07.02"]
[Round "2.4"]
[White "Gunina, Valentina"]
[Black "Vaishali, R"]
[Result "1-0"]
[WhiteTitle "GM"]
[BlackTitle "WGM"]
[WhiteElo "2431"]
[BlackElo "2393"]
[WhiteFideId "4167570"]
[BlackFideId "5091756"]
[EventDate "2020.07.01"]
[EventType "k.o. blitz"]

1. d4 Nf6 2. c4 e6 3. Nf3 d5 4. Nc3 a6 5. cxd5 exd5 6. Bg5 Be6 7. e3 Nbd7 8. Bd3
Bd6 9. O-O c6 10. Qc2 h6 11. Bh4 O-O 12. Rfe1 Re8 13. Rac1 Rc8 14. Na4 Bg4 15.
Nd2 Be6 16. Nf1 b5 17. Nc3 Qb6 18. Bf5 a5 19. Bxe6 Rxe6 20. Bg3 Bf8 21. Qd3 Rce8
22. Ne2 Ne4 23. Nf4 Rf6 24. f3 Nxg3 25. Nxg3 g6 26. Nge2 Bg7 27. Kh1 Nf8 28. a3
Ne6 29. Nxe6 Rfxe6 30. Nf4 R6e7 31. Re2 b4 32. a4 h5 33. g3 Qb7 34. Ng2 Re6 35.
Rec2 Bh6 36. f4 Qd7 37. Qa6 Re4 38. Qxc6 Qf5 39. Nh4 Qh3 40. Ng2 h4 41. gxh4 Qf3
42. Qxd5 Rxe3 43. Qxf3 Rxf3 44. Kg1 Rb3 45. Rd1 Re4 46. d5 Re7 47. d6 Rd7 48.
Rc7 Rd8 49. d7 Bf8 50. Rc8 Be7 51. Re1 Bf6 52. Rxd8+ Bxd8 53. Re8+ Kg7 54. Rxd8
Rd3 55. Kf2 Kf6 56. Ne3 Ke7 57. Ra8 Kxd7 58. Ke2 Rb3 59. Nc4 Rh3 60. Rxa5 Rxh2+
61. Ke3 Rxh4 62. Rb5 Rh3+ 63. Ke4 Rb3 64. a5 Kc6 65. Rb6+ Kc5 66. Ne3 Rxb2 67.
Rb8 Ra2 68. Rc8+ Kb5 69. Nd5 b3 70. Rb8+ Kc4 71. Rb4+ Kc5 72. Rxb3 Ra4+ 73. Ke5
Rxa5 74. Rc3+ Kb5 75. Rc7 f6+ 76. Kxf6 Ka4 77. Rd7 Ra6+ 78. Kg5 Kb3 79. Nf6 Kc4
80. Kxg6 Ra3 81. f5 Rg3+ 82. Kf7 Rf3 83. Rd5 1-0

[Event "Women's Speed Chess GP2"]
[Site "chess.com INT"]
[Date "2020.07.02"]
[Round "2.5"]
[White "Vaishali, R"]
[Black "Gunina, Valentina"]
[Result "1/2-1/2"]
[WhiteTitle "WGM"]
[BlackTitle "GM"]
[WhiteElo "2393"]
[BlackElo "2431"]
[WhiteFideId "5091756"]
[BlackFideId "4167570"]
[EventDate "2020.07.01"]
[EventType "k.o. blitz"]

1. Nf3 d5 2. g3 c6 3. Bg2 Bg4 4. O-O Nd7 5. d3 e6 6. e4 Ne5 7. Nbd2 Nf6 8. Qe1
Nxf3+ 9. Nxf3 dxe4 10. dxe4 Bc5 11. h3 Bxf3 12. Bxf3 Nd7 13. Bg2 Qc7 14. Qc3 O-O
15. a4 a5 16. b3 Bd6 17. f4 e5 18. Kh1 exf4 19. gxf4 Rae8 20. Bb2 f6 21. Rad1
Bb4 22. Qc4+ Kh8 23. c3 Be7 24. b4 Nb6 25. Qb3 Ra8 26. Ra1 Bd6 27. Bc1 Qf7 28.
Qb1 Nc4 29. Ra2 Rfe8 30. Raf2 axb4 31. e5 Bc5 32. Re2 bxc3 33. Qc2 Bd4 34. Be4
fxe5 35. Bxh7 exf4 36. Be4 Qh5 37. Rxf4 Rf8 38. Rg2 Rxf4 39. Bxf4 Rf8 40. Bg6
Qh4 41. Bg3 Qf6 42. Kh2 Be5 43. Qe4 Bxg3+ 44. Rxg3 Qf2+ 45. Rg2 Qf4+ 46. Qxf4
Rxf4 47. Re2 Kg8 48. Re8+ Rf8 49. Re7 Nd2 50. Rxb7 Nf3+ 51. Kg3 Nd4 52. Rc7 c2
53. Bxc2 Nxc2 54. Rxc6 Nd4 55. Rc7 Rf3+ 56. Kg4 Ra3 57. Ra7 Nc6 58. Ra6 Ne5+ 59.
Kf5 Nf7 60. h4 Kh7 61. Ra7 Nd6+ 62. Kg5 Rd3 63. a5 Rd5+ 64. Kf4 Nb5 65. Rb7 Nc3
66. a6 Ra5 67. a7 Nd5+ 68. Ke5 Ne3+ 69. Kd6 Nf5+ 70. Kc7 Nxh4 71. Kb8 Rxa7 72.
Kxa7 Kh6 73. Kb6 g5 74. Kc5 g4 75. Kd4 Kg5 76. Ke3 Nf5+ 77. Kf2 Kf4 78. Rb4+ Kg5
79. Ra4 Nh4 80. Kg3 Nf5+ 81. Kf2 Nh4 82. Ra8 Nf5 83. Rh8 Kf4 84. Rf8 g3+ 85. Kg2
Kg4 86. Rg8+ Kf4 87. Kh3 Kf3 88. Rf8 Kf4 89. Kg2 Kg4 90. Rg8+ Kf4 91. Kh3 Kf3
92. Rg5 Kf4 93. Rg4+ Kf3 94. Rg5 Kf4 95. Rg6 Kf3 96. Rf6 Kf4 97. Rg6 Kf3 98. Rg5 1/2-1/2

[Event "Women's Speed Chess GP2"]
[Site "chess.com INT"]
[Date "2020.07.02"]
[Round "2.6"]
[White "Gunina, Valentina"]
[Black "Vaishali, R"]
[Result "1-0"]
[WhiteTitle "GM"]
[BlackTitle "WGM"]
[WhiteElo "2431"]
[BlackElo "2393"]
[WhiteFideId "4167570"]
[BlackFideId "5091756"]
[EventDate "2020.07.01"]
[EventType "k.o. blitz"]

1. e4 e5 2. Nf3 Nc6 3. Bc4 Nf6 4. d3 h6 5. O-O d6 6. Nc3 g5 7. Nd5 Bg7 8. c3 g4
9. Ne1 Nxd5 10. exd5 Ne7 11. f4 Bf5 12. fxe5 Bxe5 13. d4 Bg7 14. Bf4 Qd7 15. Qe2
O-O 16. Qd2 Kh7 17. Nd3 c6 18. dxc6 bxc6 19. Bg3 Bg6 20. Qf4 d5 21. Nc5 Qf5 22.
Be2 Qxf4 23. Bxf4 h5 24. Bd6 Rfe8 25. Bd3 Rad8 26. Bc7 Rc8 27. Bg3 Bxd3 28. Nxd3
f5 29. Nf4 Kh6 30. Rae1 Ng6 31. Ne6 h4 32. Bd6 Nf8 33. Bxf8 Bxf8 34. Rxf5 Bd6
35. Rf6+ Kh7 36. Ng5+ Kg7 37. Rxe8 Rxe8 38. Rxd6 Re2 39. Rxc6 Rxb2 40. a4 g3 41.
hxg3 hxg3 42. Kf1 Rf2+ 43. Ke1 Rxg2 44. Ne6+ Kf7 45. Nf4 Rf2 46. Nxd5 Rf3 47.
Rf6+ Rxf6 48. Nxf6 Kxf6 49. Ke2 Ke6 50. c4 1-0

[Event "Women's Speed Chess GP2"]
[Site "chess.com INT"]
[Date "2020.07.02"]
[Round "2.7"]
[White "Vaishali, R"]
[Black "Gunina, Valentina"]
[Result "1-0"]
[WhiteTitle "WGM"]
[BlackTitle "GM"]
[WhiteElo "2393"]
[BlackElo "2431"]
[WhiteFideId "5091756"]
[BlackFideId "4167570"]
[EventDate "2020.07.01"]
[EventType "k.o. blitz"]

1. e4 c6 2. d4 d5 3. e5 Bf5 4. h4 a6 5. g4 Bd7 6. Be3 c5 7. c3 Nc6 8. Nd2 f6 9.
f4 cxd4 10. cxd4 fxe5 11. dxe5 Nh6 12. Bh3 e6 13. Ngf3 Nf7 14. Ng5 Nxg5 15. hxg5
Qa5 16. a3 d4 17. Bf2 Be7 18. Bg2 Rf8 19. Bg3 d3 20. b4 Qb6 21. Bf2 Qb5 22. Be3
a5 23. a4 Qxb4 24. Rb1 Qxa4 25. Qxa4 Nb4 26. Qd1 Nc2+ 27. Kf2 Bxg5 28. Ne4 Nxe3
29. Kxe3 Bxf4+ 30. Kxd3 Bxe5 31. Rxb7 O-O-O 32. Nd6+ Bxd6 33. Qc2+ Bc5 34. Qxc5+
Bc6+ 35. Ke2 1-0

[Event "Women's Speed Chess GP2"]
[Site "chess.com INT"]
[Date "2020.07.02"]
[Round "2.8"]
[White "Gunina, Valentina"]
[Black "Vaishali, R"]
[Result "0-1"]
[WhiteTitle "GM"]
[BlackTitle "WGM"]
[WhiteElo "2431"]
[BlackElo "2393"]
[WhiteFideId "4167570"]
[BlackFideId "5091756"]
[EventDate "2020.07.01"]
[EventType "k.o. blitz"]

1. d4 Nf6 2. c4 g6 3. Nf3 Bg7 4. Nc3 d5 5. Bd2 O-O 6. cxd5 Nxd5 7. e4 Nxc3 8.
bxc3 b6 9. Bd3 Bb7 10. O-O e6 11. Qe2 Nd7 12. Rfd1 c5 13. Bg5 Qc7 14. Bb5 Bc6
15. Bxc6 Qxc6 16. Qe3 Rac8 17. Rac1 cxd4 18. cxd4 Qa4 19. Qd2 Nb8 20. h3 Nc6 21.
d5 exd5 22. exd5 Ne5 23. Nxe5 Bxe5 24. Rxc8 Rxc8 25. d6 Qd7 26. Qd5 Re8 27. Be7
Bg7 28. Rc1 Bf8 29. Rc7 Rxe7 30. Rxd7 Rxd7 31. Qa8 Rxd6 32. Qxa7 Rd1+ 33. Kh2
Bd6+ 34. g3 Bc5 35. Qb8+ Kg7 36. Qe5+ Kg8 37. Qf4 Rd4 38. Qc1 Ra4 39. Qc2 Rb4
40. Kg2 Rd4 41. Qb2 Rd6 42. a4 h5 43. Qc3 Bd4 44. Qc8+ Kg7 45. Qc4 g5 46. Qb4
Bc5 47. Qc3+ Bd4 48. Qd2 Kg6 49. Qc2+ f5 50. Qc8 Bc5 51. Qe8+ Kf6 52. Qxh5 Rd2
53. Qh6+ Kf7 54. Qh7+ Kf6 55. Qh8+ Kf7 56. Qh7+ Kf6 57. Qh6+ Kf7 58. Qh5+ Kf6
59. Qf3 g4 60. hxg4 Rxf2+ 61. Qxf2 Bxf2 62. Kxf2 fxg4 63. Ke2 Ke6 64. Kd2 Kd6
65. Ke2 Kc5 66. Ke3 Kb4 67. Kf4 Kxa4 68. Kxg4 b5 69. Kh5 b4 70. g4 b3 71. g5 b2
72. g6 b1=Q 73. Kh6 Qb6 74. Kh7 Qb1 75. Kh8 Qh1+ 76. Kg8 Qd5+ 77. Kh8 Qh5+ 78.
Kg7 Kb5 79. Kf6 Qh6 80. Kf7 Qf4+ 81. Ke6 Qf8 0-1

[Event "Women's Speed Chess GP2"]
[Site "chess.com INT"]
[Date "2020.07.02"]
[Round "2.9"]
[White "Vaishali, R"]
[Black "Gunina, Valentina"]
[Result "0-1"]
[WhiteTitle "WGM"]
[BlackTitle "GM"]
[WhiteElo "2393"]
[BlackElo "2431"]
[WhiteFideId "5091756"]
[BlackFideId "4167570"]
[EventDate "2020.07.01"]
[EventType "k.o. blitz"]

1. e4 c6 2. d4 d5 3. Nc3 dxe4 4. Nxe4 Nf6 5. Nxf6+ exf6 6. c3 Bd6 7. Bd3 O-O 8.
Ne2 Re8 9. O-O Nd7 10. Ng3 Nf8 11. f4 g6 12. f5 Bc7 13. Bh6 Qd6 14. Bf4 Qd7 15.
Bxc7 Qxc7 16. fxg6 hxg6 17. Rxf6 Kg7 18. Qf3 Bg4 19. Qxg4 Kxf6 20. Rf1+ Kg7 21.
Nh5+ Kh6 22. Nf6 Re3 23. Bc4 b5 24. Bb3 Kg7 25. Nh5+ Kh6 26. Bxf7 Qe7 27. Ng3
Re1 28. Bxg6 Rxf1+ 29. Kxf1 Qg5 30. Qxg5+ Kxg5 31. Be4 Ne6 32. Bxc6 Rf8+ 33. Kg1
b4 34. d5 Nf4 35. cxb4 Nd3 36. d6 Ne5 37. b5 Kf6 38. Ne4+ Ke6 39. Nc5+ Kxd6 40.
Ne4+ Kc7 41. a4 Nc4 42. b3 Ne3 43. h4 Rf1+ 44. Kh2 Rb1 45. Nc5 Rc1 46. Ne6+ Kd6
47. Nd4 Ke5 48. Nf3+ Kf4 49. h5 Ng4+ 50. Kh3 Rh1+ 51. Nh2 Rxh2# 0-1

[Event "Women's Speed Chess GP2"]
[Site "chess.com INT"]
[Date "2020.07.02"]
[Round "2.10"]
[White "Gunina, Valentina"]
[Black "Vaishali, R"]
[Result "1/2-1/2"]
[WhiteTitle "GM"]
[BlackTitle "WGM"]
[WhiteElo "2431"]
[BlackElo "2393"]
[WhiteFideId "4167570"]
[BlackFideId "5091756"]
[EventDate "2020.07.01"]
[EventType "k.o. blitz"]

1. d4 Nf6 2. c4 g6 3. Nc3 d5 4. cxd5 Nxd5 5. Bd2 Bg7 6. e4 Nxc3 7. bxc3 O-O 8.
Nf3 c5 9. d5 e6 10. Bc4 exd5 11. Bxd5 Nc6 12. O-O Bg4 13. h3 Be6 14. Be3 Bxd5
15. exd5 Ne5 16. Nxe5 Bxe5 17. Rb1 b6 18. c4 Qd6 19. Qg4 Rae8 20. Bh6 f5 21. Qf3
Rf7 22. Rfe1 Rfe7 23. g3 Bxg3 24. Rxe7 Bh2+ 25. Kg2 Rxe7 26. Bg5 Re8 27. Rb2 Be5
28. Re2 Kf7 29. Qe3 Qd7 30. Qf3 Bd6 31. h4 Rxe2 32. Qxe2 Qe8 33. Qc2 Qe5 34. Qa4
Qh2+ 35. Kf1 Qh1+ 36. Ke2 Qe4+ 37. Kf1 Qb1+ 38. Kg2 Qe4+ 39. Kf1 Qh1+ 40. Ke2
Qe4+ 41. Kf1 1/2-1/2

[Event "Women's Speed Chess GP2"]
[Site "chess.com INT"]
[Date "2020.07.02"]
[Round "2.1"]
[White "Girya, Olga"]
[Black "Khademalsharieh, Sarasadat"]
[Result "0-1"]
[WhiteTitle "WGM"]
[BlackTitle "IM"]
[WhiteElo "2469"]
[BlackElo "2494"]
[WhiteFideId "4195752"]
[BlackFideId "12512214"]
[EventDate "2020.07.01"]
[EventType "k.o. blitz"]

1. d4 Nf6 2. c4 e6 3. Nf3 d5 4. Nc3 Bb4 5. Qb3 c5 6. dxc5 Nc6 7. Bg5 Qa5 8. Bxf6
dxc4 9. Qxc4 gxf6 10. Rc1 Qxc5 11. Qh4 Ke7 12. g3 Bxc3+ 13. Rxc3 Qb4 14. Qxb4+
Nxb4 15. a3 Nc6 16. Bg2 Bd7 17. O-O Rac8 18. Rfc1 Rhd8 19. Ne1 Nd4 20. Kf1 Rxc3
21. Rxc3 Bc6 22. Bxc6 Nxc6 23. Nd3 Rd5 24. Nc5 Rd1+ 25. Kg2 Nd8 26. Kf3 Rd6 27.
b4 Rc6 28. Rd3 b6 29. Na6 Rc1 30. Nb8 Rc8 31. Na6 Rc1 32. b5 Nb7 33. Nb8 Nc5 34.
Nc6+ Kf8 35. Rd8+ Kg7 36. Nxa7 Rc3+ 37. Kg2 Rxa3 38. Nc6 Rb3 39. Nd4 Rb4 40. e3
Nb3 41. Nxb3 Rxb3 42. Rb8 Rxb5 43. h4 Rb2 44. Kf3 h5 45. e4 Rb3+ 46. Kg2 b5 47.
Rb7 Rb2 48. Kf3 b4 49. Ke3 Kg6 50. f3 Rb3+ 51. Kf2 Rb1 52. Kg2 b3 53. g4 hxg4
54. fxg4 b2 55. Kh2 Kg7 56. Kg2 Re1 57. Rxb2 Rxe4 58. Kf3 Rc4 59. Rb3 Rc5 60.
Kg3 f5 61. gxf5 Rxf5 62. Rc3 Kg6 63. Kg4 Rd5 64. Rg3 Rd4+ 65. Kh3+ Kf5 66. Rf3+
Kg6 67. Rg3+ Kh5 68. Rg5+ Kh6 69. Rg3 f5 70. Re3 Re4 71. Ra3 Kh5 72. Kg3 Rg4+
73. Kf3 Rxh4 74. Ra6 Re4 75. Ra8 Kg5 76. Rg8+ Kf6 77. Rf8+ Ke5 78. Ra8 Rd4 79.
Ra5+ Rd5 80. Ra3 Rb5 81. Re3+ Kf6 82. Rd3 e5 83. Rc3 Ke6 84. Ra3 Rd5 85. Ra6+
Rd6 86. Ra3 Kf6 87. Ke3 f4+ 88. Ke4 Rd4+ 89. Kf3 Kf5 90. Ra5 Rd3+ 91. Ke2 Rb3
92. Kf2 Re3 93. Rc5 Rd3 94. Rb5 Ke4 95. Rb4+ Rd4 96. Rb3 Kf5 97. Rb2 Rd5 98. Rb4
e4 99. Ra4 Rd2+ 100. Ke1 e3 101. Ra5+ Ke4 102. Ra4+ Kf3 103. Ra1 Re2+ 104. Kf1
Rc2 105. Ke1 Rh2 0-1